000
00310nam a22001457a 4500
008
230926b ||||| |||| 00| 0 eng d
020
_a
0813122686
041
_a
eng
080
_a
159.9
082
_a
159.9LEW
100
_a
25
101
_a
PSI
245
_a
MOUNTAIN SISTERS
_c
LEWIS .M H
942
_2
udc
_c
BK
999
_c
60406
_d
60406